Zásady efektivních porad. 2. Racionální řízení a vyhodnocení porady
Na riadení a vyhodnotení porady záleží jej efektivita a časová hospodárnosť. Zásady riadenia porady (začiatok, ciele, nesplnené úlohy, stručný zápis, každý bod ukončený záverom, porada nesmie byť rušená, po skončení - kontrola zápisu, zhodnotenie porady).
Gespeichert in:
| 1. Verfasser: | |
|---|---|
| Format: | Buchkapitel |
| Sprache: | Tschechisch |
| Schlagworte: | |
| Tags: |
Keine Tags, Fügen Sie das erste Tag hinzu!
|
MARC
| LEADER | 00000naa a2200000 4500 | ||
|---|---|---|---|
| 001 | r018434 | ||
| 005 | 20221208131102.9 | ||
| 041 | 0 | |a cze | |
| 044 | |a CZ | ||
| 245 | 1 | 0 | |a Zásady efektivních porad. 2. |b Racionální řízení a vyhodnocení porady |c Jiří Stýblo |
| 520 | |a Na riadení a vyhodnotení porady záleží jej efektivita a časová hospodárnosť. Zásady riadenia porady (začiatok, ciele, nesplnené úlohy, stručný zápis, každý bod ukončený záverom, porada nesmie byť rušená, po skončení - kontrola zápisu, zhodnotenie porady). | ||
| 610 | 2 | 0 | |a porady |
| 610 | 2 | 0 | |a podnik |
| 610 | 2 | 0 | |a efektívnosť |
| 610 | 2 | 0 | |a riadenie |
| 100 | 1 | |a Stýblo, Jiří | |